| 000 | 00963nam a2200265Ia 4500 | ||
|---|---|---|---|
| 003 | GCL | ||
| 005 | 20240530101753.0 | ||
| 008 | 140319s9999 xx 000 0 ara d | ||
| 040 |
_aGCL / _cGCL |
||
| 082 | 0 | 4 |
_a330.15 _bب م |
| 100 | 1 | _aنعمة الله نجيب ابراهيم | |
| 245 | 1 | 0 |
_aمبادئ التحليل الاقتصادى الجمعى . _cنعمة الله نجيب ابراهيم |
| 260 |
_a[S.N] : _bلجنة الاعلام والدراسات المستقبلية |
||
| 650 | 0 | 4 | _aالاقتصاد الكلى |
| 650 | 0 | 4 | _aالاقتصاد |
| 650 | 0 | 4 | _aالتخطيط الاقتصادى |
| 650 | 0 | 4 | _aالسياسة المالية |
| 650 | 0 | 4 | _aالتنمية الاقتصادية |
| 650 | 0 | 4 | _aالنقود |
| 650 | 0 | 4 | _aالعلاقات الاقتصادية الدولية |
| 650 | 0 | 4 | _aالتجارة الخارجية |
| 650 | 0 | 4 | _aالاقتصاد التحليلى |
| 650 | 0 | 4 | _aالدخل القومى |
| 942 |
_2ddc _cBK |
||
| 999 |
_c27613 _d27613 |
||